| 000 | 00724nam a2200205 a 4500 | ||
|---|---|---|---|
| 005 | 20140310183440.0 | ||
| 008 | 080508s19uu xx 00 eng d | ||
| 020 | _a9780470225271 | ||
| 050 |
_aRJ 496.L4 _b.N484 2008 |
||
| 245 |
_aNeuropsychological perspectives on learning disabilities in the era of RTI : _brecommendations for diagnosis and intervention / _cedited by Elaine Janzen-Fletcher. |
||
| 260 |
_aNew Jersey : _bJohn Wiley & Sons, Inc, _c2008. |
||
| 300 |
_a325 p. : _c23 cm. |
||
| 521 | _aEDU | ||
| 650 |
_aLearning disabilities _xDiagnosis. |
||
| 650 |
_aLearning disabled children _xEducation. |
||
| 650 | _aRemedial teaching. | ||
| 700 | _aReynolds, Cecil R. | ||
| 942 |
_cBK _2lcc _kFOR |
||
| 999 |
_c23067 _d23067 |
||